000 00885cam a2200265 i 4500
999 _c702
_d702
001 19377433
003 OSt
005 20250224105846.0
008 161117r20182013at a b 001 0 eng
010 _a 2016960054
020 _a9781337102087
040 _aDLC
_beng
_erda
_cKCST
042 _apcc
050 0 0 _aQA76.73.C153
_bM268 2018
082 0 0 _a005.133
_223
_bMa Cp
100 1 _aMalik, D. S.,
_eauthor.
_95376
245 1 0 _aC++ programming : from problem analysis to program design /
_bfrom problem analysis to program design /
_cD.S. Malik.
246 3 _aC plus plus programming
250 _aEighth edition.
260 1 _aAustralia ;
_aBoston, MA :
_bCengage Learning,
_c[2018]
300 _axlvi, 1438 pages :
_bcolor illustrations ;
_c23 cm
500 _aIncludes bibliographical references and index.
650 0 _aC++ (Computer program language)
_9162
942 _2ddc
_cCTBK